000 00686nam a2200229Ia 4500
005 20250507130351.0
008 008 250505s9999 xx 000 0 eng d
020 _a0-7656-0952-5
037 _aAnnuals, Advances
040 _aEASL
_beng
_cEASL
041 _aeng
_2eng
084 _aX.42.N89, P3
_qEASL
100 _aSchaede Ulrike Ed.
_9665369
245 0 _aJapan's Managed Globalization: Adapting to the Twenty-first Century
260 _aUSA
_bArmonk An East Gate Book
_c2003
300 _axiii,263p.
365 _a
_b36.95
650 _aJEL
700 _aGrimes William Ed.
_9665370
942 _cTEXL
_hX.42.N89, P3
999 _c1319271
_d1319271